| Tag |
First Indicator |
Second Indicator |
Subfields |
| LEADER |
00000cam a2200000Ii 4500 |
| 001 |
in00004000021 |
| 008 |
171027t20182018nyu d 000 f eng d |
| 005 |
20240705224321.6 |
| 020 |
|
|
|a 9781632061652
|q paperback
|
| 020 |
|
|
|a 1632061651
|q paperback
|
| 035 |
|
|
|a (OCoLC)on1041190781
|
| 035 |
|
|
|a (OCoLC)ocn1041190781
|
| 035 |
|
|
|a (OCoLC)1041190781
|
| 037 |
|
|
|b Simon & Schuster, Order Dept 100 Front st, Riverside, NJ, USA, 08075
|n SAN 200-2442
|
| 040 |
|
|
|a ON8
|b eng
|e rda
|c ON8
|d T7L
|d OCLCF
|d FOLLT
|d OCLCA
|d JAG
|d OKU
|d KOTUI
|d OCL
|d SSH
|d JQM
|d MDB
|d XFF
|d HTPCL
|d OCLCO
|d SLV
|d DPB
|d OCLCO
|d CZA
|d IUO
|d IPM
|d IUL
|d IAI
|d YDXIT
|d OCLCO
|d TXA
|d UtOrBLW
|
| 041 |
1 |
|
|a eng
|h ita
|
| 043 |
|
|
|a e-it---
|
| 049 |
|
|
|a TXAM
|
| 050 |
|
4 |
|a PQ4867.A662
|b I5313 2018
|
| 082 |
0 |
4 |
|a 853/.914
|2 23
|
| 100 |
1 |
|
|a Gandolfi, Silvana,
|e author.
|0 http://id.loc.gov/authorities/names/no2018102470
|
| 240 |
1 |
0 |
|a Io dentro gli spari.
|l English
|
| 245 |
1 |
0 |
|a Run for your life /
|c Silvana Gandolfi ; translated from the Italian by Lynne Sharon Schwartz.
|
| 250 |
|
|
|a First Restless Books paperback edition.
|
| 264 |
|
1 |
|a Brooklyn, NY :
|b Restless Books,
|c 2018.
|
| 264 |
|
4 |
|c © 2018
|
| 300 |
|
|
|a viii, 275 pages ;
|c 21 cm
|
| 336 |
|
|
|a text
|b txt
|2 rdacontent
|
| 337 |
|
|
|a unmediated
|b n
|2 rdamedia
|
| 338 |
|
|
|a volume
|b nc
|2 rdacarrier
|
| 520 |
|
|
|a A talented young runner, Santino, lives in Palermo, Sicily - a beautiful region of Italy that's dominated by the Mafia. With Santino's first communion approaching, his father and grandfather carry out a theft to pay for the party - but they steal from the wrong people. A young, cocky, Mafioso summons them to a meeting, and they bring the boy. As Santino wanders off into the old abandoned neighborhood, he hears shots and runs back to see two armed men - and his father and grandfather slumped over in the car. The boy barely escapes with his life. Now, he's left with a choice: cooperate with police and be a "rat," or mainain Omertá: the code of silence. Twelve-year-old Lucio lives in the northern Italian city of Livorno and dreams of sailing when not taking care of his young sister, Ilaria, and his sick mother, who is convinced that a witch has cursed her. One day, Lucio's mother goes missing and he receives a mysterious text: "Come to Palermo. Mamma is dying." Panicked, Lucio grabs Ilaria and rushes to Sicily, where Lucio's and Santino's stories converge with explosive results.
|
| 546 |
|
|
|a Translated from the Italian.
|
| 586 |
|
|
|a American Library Association Notable Children's Bk
|
| 586 |
|
|
|a Batchelder Honor Book, 2019.
|
| 650 |
|
0 |
|a Mafia
|z Italy
|z Sicily
|v Juvenile fiction.
|
| 650 |
|
0 |
|a Violent crimes
|v Juvenile fiction.
|
| 650 |
|
0 |
|a Orphans
|v Juvenile fiction.
|0 http://id.loc.gov/authorities/subjects/sh2008108726
|
| 651 |
|
0 |
|a Italy
|v Juvenile fiction.
|
| 650 |
|
7 |
|a Mafia.
|2 fast
|0 (OCoLC)fst01005389
|
| 650 |
|
7 |
|a Orphans.
|2 fast
|0 (OCoLC)fst01048433
|
| 650 |
|
7 |
|a Violent crimes.
|2 fast
|0 (OCoLC)fst01167321
|
| 651 |
|
7 |
|a Italy.
|2 fast
|0 (OCoLC)fst01204565
|
| 650 |
|
1 |
|a Mafia
|v Fiction.
|
| 650 |
|
1 |
|a Violent crimes
|v Fiction.
|
| 650 |
|
1 |
|a Orphans
|v Fiction.
|
| 651 |
|
1 |
|a Italy
|v Fiction.
|
| 650 |
|
4 |
|a Violent crimes
|v Fiction.
|
| 650 |
|
4 |
|a Orphans
|v Fiction.
|
| 650 |
|
4 |
|a Mafia
|v Fiction.
|
| 651 |
|
4 |
|a Italy
|v Fiction.
|
| 655 |
|
7 |
|a Action and adventure fiction.
|2 fast
|0 (OCoLC)fst01921574
|
| 655 |
|
7 |
|a Fiction.
|2 fast
|0 (OCoLC)fst01423787
|
| 655 |
|
7 |
|a Juvenile works.
|2 fast
|0 (OCoLC)fst01411637
|
| 655 |
|
7 |
|a Action and adventure fiction.
|2 lcgft
|0 http://id.loc.gov/authorities/genreForms/gf2014026217
|
| 655 |
|
4 |
|a Action and adventure fiction.
|
| 700 |
1 |
|
|a Schwartz, Lynne Sharon,
|e translator.
|0 http://id.loc.gov/authorities/names/n80017432
|
| 945 |
|
|
|b 929023
|
| 947 |
|
|
|a A14850877854
|
| 948 |
|
|
|a cataloged
|b h
|c 2019/3/22
|d c
|e jlanham
|f 2:45:58 pm
|
| 994 |
|
|
|a C0
|b TXA
|
| 999 |
f |
f |
|s 2f54c9bb-da72-3734-8d9b-324aec923212
|i 6106cfd0-d7e1-3ad9-a297-3aa0baf914bb
|t 0
|
| 952 |
f |
f |
|p normal
|a Texas A&M University
|b College Station
|c Sterling C. Evans Library
|d Evans: Curriculum Collection (4th floor)
|t 0
|e PQ4867.A662 I5313 2018
|h Library of Congress classification
|i unmediated -- volume
|m A14850877854
|
| 998 |
f |
f |
|a PQ4867.A662 I5313 2018
|t 0
|l Evans: Curriculum Collection (4th floor)
|